| 000 | 02473nam0a2200397 i 4500 | ||
|---|---|---|---|
| 001 | RU\NLR\BIBL_A\010866495 | ||
| 005 | 20260408103746.0 | ||
| 010 |
_a9785903926068 _9600 |
||
| 021 |
_aRU _b2015-79203 _94797 |
||
| 035 | _a(NLR Aleph) 010866495 | ||
| 090 |
_a10447037 _c10447037 |
||
| 100 | _a20151022d2015 km y0rusy50 ca | ||
| 101 | 1 |
_arus _aeng _cund |
|
| 102 | _aRU | ||
| 105 | _aa|||z|||000yy | ||
| 200 | 1 |
_aРадиологическая защита от облучения радоном _f[Ж.-Ф. Лекомте, С. Соломон, Дж. Такала и др. _gпер.: д.т.н., проф. М. В. Жуковский, к.ф.-м.н. И. В. Ярмошенко _gпредисл.: С. М. Киселев и др. _gФедер. гос. бюджет. учреждение "Гос. науч. центр Рос. Федерации - Федер. мед. биофиз. центр им. А. И. Бурназяна" (ФГБОУ ГНЦ ФМБЦ им. Бурназяна ФМБА России)] |
|
| 210 |
_aМосква _cФГБОУ ГНЦ ФМБЦ им. Бурназяна ФМБА России _d2015 |
||
| 215 |
_a91 с. _cил. _d24 |
||
| 225 | 1 |
_aТруды МКРЗ _iПубликация МКРЗ _fМКРЗ _v126 |
|
| 300 | _aЧасть текста на англ. яз. | ||
| 320 | _aБиблиогр.: с. 86-89 (43 назв.) | ||
| 606 | 1 |
_aВоздух помещений _xЗагрязнение радоном _xВлияние на организм _91303081 _3RU\NLR\AUTH\66222605 |
|
| 606 | 1 |
_aВоздух помещений _xЗагрязнение радоном _xГигиеническая оценка _92179062 _3RU\NLR\AUTH\661310503 |
|
| 606 | 1 |
_aНаселение _xОблучение радоном _xЗащита от него _xОрганизация _92281280 _3RU\NLR\AUTH\6601594983 |
|
| 686 | 1 | _aР368-2 | |
| 686 | 1 | _aР126.45 | |
| 686 | 1 | _aР126.03 | |
| 701 | 1 |
_aЛекомте _bЖ.-Ф. |
|
| 701 | 1 |
_aСоломон _bС. |
|
| 701 | 1 |
_aТакала _bДж. |
|
| 711 | 0 | 2 |
_aМеждународная комиссия по радиологической защите _9835118 _3RU\NLR\AUTH\8810169659 |
| 712 | 0 | 2 |
_4570 _aФедеральный медицинский биофизический центр им. А. И. Бурназяна _cМосква _9372239 _3RU\NLR\AUTH\8810243199 |
| 942 | _cBOOK | ||
| 980 | _aNBR | ||